<?xml version="1.0" encoding="UTF-8"?>
<collection xmlns="http://www.loc.gov/MARC21/slim">
  <record>
    <leader>00000nam  2200000   4500</leader>
    <controlfield tag="001">INLIS000000000000994</controlfield>
    <datafield tag="990" ind1="#" ind2="#">
      <subfield code="a">171/TA TIA 2021</subfield>
    </datafield>
    <controlfield tag="005">20220405095722</controlfield>
    <datafield tag="035" ind1="#" ind2="#">
      <subfield code="a">0010-1221000217</subfield>
    </datafield>
    <datafield tag="245" ind1="1" ind2="#">
      <subfield code="a">Penerapan Konsep 5S pada Proses Pembuatan Tahu di UD. Subur Bontorea Gowa :</subfield>
      <subfield code="b">Tugas Akhir /</subfield>
      <subfield code="c">Elvyra Rezky Pratiwi</subfield>
    </datafield>
    <datafield tag="100" ind1=" " ind2="#">
      <subfield code="a">ELVYRA, Rezky Pratiwi</subfield>
    </datafield>
    <datafield tag="250" ind1="#" ind2="#">
      <subfield code="a">2021</subfield>
    </datafield>
    <datafield tag="300" ind1="#" ind2="#">
      <subfield code="a">xi, 54 halaman :</subfield>
      <subfield code="b">Tabel, gambar ;</subfield>
      <subfield code="c">20,5x28,5 cm</subfield>
    </datafield>
    <datafield tag="856" ind1="#" ind2="#">
      <subfield code="a">OPAC (Rak TA TIA 2021)</subfield>
    </datafield>
    <datafield tag="260" ind1="#" ind2="#">
      <subfield code="a">Makassar :</subfield>
      <subfield code="b">Politeknik ATI Makassar - Teknik Industri Agro,</subfield>
      <subfield code="c">2021</subfield>
    </datafield>
    <datafield tag="082" ind1="#" ind2="#">
      <subfield code="a">(R)2021 TA-TIA 818</subfield>
    </datafield>
    <datafield tag="084" ind1="#" ind2="#">
      <subfield code="a">(R)2021 TA-TIA 818 ELV p</subfield>
    </datafield>
    <datafield tag="650" ind1="#" ind2="4">
      <subfield code="a">Tugas Akhir TIA 2021</subfield>
    </datafield>
    <controlfield tag="008">220405################|##########|#|##</controlfield>
    <datafield tag="520" ind1="#" ind2="#">
      <subfield code="a">UD. Subur Bontorea Gowa merupakan sebuah home industry yang bergerak dalam pembuatan tahu. Industri tahu ini terbagai dari bahan baku, perendaman, penggilingan, pemasakan, penyaringan, penggumpalan, pencetakan dan pemotongan. Berdasarkan proses pembuatan tahu dapat dilihat bahwa industri tahu dengan kondisi lingkugan kerja yang tidak tertata rapi. Permasalahan yang sering terjadi pada industri tahu ini seperti ditemui adanya ember kosong yang berserakan di area produk jadi, perendaman dan penggilingan. Tujuan penelitian ini yaitu mengidentifikasi penerapan konsep 5S (seiri, seiton, seiso, seiketsu, dan shitsuke) dan memberikan usulan perbaikan penerapan 5S.</subfield>
    </datafield>
  </record>
</collection>
